People on Time Covers 1984 - Statistics

General Stats
  • This quiz has been taken 15 times
  • The average score is 16 of 39
Answer Stats
Hint Persons % Correct
American civil rights activist, politician, and ordained Baptist minister. Beginning as a young protégé of Martin Luther King Jr. during the civil rights movement, he maintained his status as a prominent civil rights leader throughout his political and theological career. Jesse Jackson
92%
American singer, songwriter, dancer, and philanthropist. Known as the "King of Pop", he is regarded as one of the most significant cultural figures of the 20th century. Singles; "Beat It", "Billie Jean", and "Thriller" from his 1982 album Thriller contributed to his success Michael Jackson
92%
Head of the Catholic Church and sovereign of the Vatican City State from 1978 until his death in 2005. Pope John Paul II
92%
American politician and actor who served as the US president from 1981 to 1989.He is considered one of the most prominent conservative figures in American history. Man of the Year 1983. Ronald Reagan
92%
American politician, diplomat, and businessman who served as the US president from 1989 to 1993. He also served as the vice president from 1981 to 1989 George H W Bush
85%
Indian politician who served as the third Prime Minister of India from 1966 to 1977 and again from 1980 until her assassination in 1984. Indira Gandhi
85%
American businessman, investor, philanthropist, and writer best known for co-founding the software giant Microsoft. Bill Gates
69%
American track and field athlete who won nine Olympic gold medals, one Olympic silver medal, and 10 World Championships medals. His career spanned from 1979 to 1996, when he last won an Olympic event. He was a dominant sprinter and long jumper who topped the world rankings in the 100 m, 200 m and long jump events frequently from 1981 to the early 1990s. Carl Lewis
69%
American Marine Corps aviator, engineer, astronaut, businessman, and politician. He was the third American in space, and the first American to orbit the Earth, circling it three times in 1962. Following his retirement from NASA, he served from 1974 to 1999 as a U.S. Senator from Ohio. John Glenn
69%
Soviet politician who was the sixth leader of the Soviet Union and the fourth General Secretary of the Communist Party of the Soviet Union. He served in the post from 1982 until his death in 1984. Man of the Year 1983. Yuri Andropov
69%
American actress and author. She starred in Around the World in 80 Days, Terms of Endearment, Steel Magnolias and Postcards from the Edge among others. Shirley MacLaine
62%
American civil rights lawyer and jurist who served as an associate justice of the Supreme Court of the United States from 1967 until 1991. He was the Supreme Court's first African-American justice. Thurgood Marshall
62%
American politician, diplomat, and attorney. She served in the US House of Representatives from 1979 to 1985, and was the Democratic Party's vice presidential nominee in the 1984 presidential election, this made her the first female vice-presidential nominee representing a major American political party. Geraldine Ferraro
54%
American lawyer and politician who served as the US vice president from 1977 to 1981. A U.S. senator from Minnesota from 1964 to 1976, he was the Democratic Party's nominee in the 1984 presidential election, but lost. Walter Mondale
54%
American politician, diplomat, and lawyer. He was the front-runner for the 1988 Democratic presidential nomination until he dropped out amid revelations of extramarital affairs. He represented Colorado in the United States Senate from 1975 to 1987. Gary Hart
46%
Soviet politician and the seventh General Secretary of the Communist Party of the Soviet Union. He briefly led the Soviet Union from 1984 until his death a year later. Konstantin Chernenko
46%
American attorney, politician, and jurist who served as an associate justice of the Supreme Court of the United States from 1981 to 2006. She was the first woman to serve as a U.S. Supreme Court justice. Sandra Day O'Connor
46%
English film director, producer, screenwriter and editor. Widely considered one of the most important figures of British cinema, her directed the large-scale epics The Bridge on the River Kwai, Lawrence of Arabia, Doctor Zhivago, and A Passage to India. David Lean
38%
American politician who served as a US senator from California from 1992 until her death in 2023. A member of the Democratic Party, she served as mayor of San Francisco from 1978 to 1988. Dianne Feinstein
38%
Israeli politician who served as the eighth prime minister of Israel from 1984 to 1986 and from 1995 to 1996 and as the ninth president of Israel from 2007 to 2014. Shimon Peres
38%
Soviet politician and diplomat during the Cold War. He served as Minister of Foreign Affairs (1957–1985) and as Chairman of the Presidium of the Supreme Soviet (1985–1988). Andrei Gromyko
31%
Canadian lawyer, businessman, and politician who served as the prime minister of Canada from 1984 to 1993. Brian Mulroney
31%
American attorney and jurist who served as the 15th chief justice of the United States from 1969 to 1986. Warren E. Burger
31%
US secretary of state under president Ronald Reagan and White House chief of staff under presidents Richard Nixon and Gerald Ford. Prior to and in between these cabinet-level positions, he was a general in the U.S. Army. Alexander Haig
23%
American lawyer, jurist, and professional football player who served as an associate justice of the Supreme Court of the United States from 1962 until 1993. By his retirement, he was its only sitting Democrat and the last surviving member of the progressive Warren Court Byron White
23%
American humorist who achieved great popularity for her newspaper humor column describing suburban home life, syndicated from 1965 to 1996. She also published 15 books. Erma Bombeck
23%
American lawyer and jurist who served as an associate justice of the Supreme Court of the United States from 1972 to 1987. Lewis F. Powell Jr.
23%
American model and fashion designer. Frequently described as America's first supermodel, she made multiple appearances on the covers of the Sports Illustrated Swimsuit Issue. Cheryl Tiegs
15%
American lawyer and jurist who served as an associate justice of the Supreme Court of the United States from 1970 to 1994. He is best known as the author of the Court's opinion in Roe v. Wade. Harry Blackmun
15%
Turkish assassin who shot and wounded the Pope after escaping from a Turkish prison. Mehmet Ali Agca
15%
World Cup alpine ski racer, widely regarded as one of the greatest American skiers of all time. He competed on the World Cup circuit from 1976 to 1984. Starting with the 1978 season, he finished in the top three in the World Cup overall standings for six consecutive seasons, winning the title in the final three. Phil Mahre
15%
American attorney and jurist who served on the U.S. Supreme Court for 33 years. He was an associate justice from 1972 to 1986 and the 16th chief justice from 1986 until his death in 2005. William Rehnquist
15%
American businessman and investor. Based in Silicon Valley, California, he was an early investor in major firms including Intel and Apple. Arthur Rock
8%
American lawyer and jurist who served as an associate justice of the Supreme Court of the United States from 1975 to 2010. John Paul Stevens
8%
American economist. From 1982 to 1984, he served as chairman of the Council of Economic Advisers and as chief economic advisor to President Ronald Reagan where his deficit hawk views clashed with the Reagan administration's large military expenditure policies. Martin Feldstein
8%
World Cup alpine ski racer from the United States. She won four World Cup season titles, most notably the 1983 overall, the first American woman title holder for a quarter century. Tamara McKinney
8%
American cardiothoracic surgeon, mainly known for the first transplant of an artificial heart. William DeVries
8%
American lawyer and jurist who served as an Associate Justice of the Supreme Court of the United States from 1956 to 1990. William J. Brennan Jr.
8%
Israeli politician and the seventh prime minister of Israel, serving two terms (1983–1984, 1986–1992). Before the establishment of the State of Israel, he was a leader of the Zionist militant group Lehi, also known as the Stern Gang. Yitzhak Shamir
8%
No matching quizzes found
Score Distribution
Percent of People with Each Score
Percentile by Number Answered
Your Score History
You have not taken this quiz